000 00477cam a22001457a 4500
008 180718b1985 xxu||||| |||| 00| 0 eng d
082 _aN4 Ea71/85
100 _aEarayil, Alphonse L.
245 _aPublic relations at the cutting edge level: case-study materials
_cby Alphonse L. Earayil and James Vadackumchery
260 _aDelhi
_bNational
_c1985
300 _a177p.
650 _aPublic relations
650 _aPolice - Community relations
700 _aVadackumchery, James
999 _c343453
_d343453